00000000nam 2200000zi 4500
0019.944067
003CaOODSP
00520250127093052
006m     o  d f      
007cr mn|||||||||
008241011s2024    onc     obs  f000 0 eng d
020 |a9780660740041
040 |aCaOODSP|beng|erda|cCaOODSP
043 |an-cn---
0861 |aPS83-3/480E-PDF
1001 |aWanamaker, Kayla A., |eauthor.
24510|aInfectious diseases, risk behaviours, and harm-reduction in women's institutions : |bfindings from the 2022 National Health Survey / |cKayla Wanamaker, Daniella Filoso, Wardah Mahboob & Sara Johnson.
264 1|aOttawa, Ontario : |bCorrectional Service of Canada = Service correctionnel Canada, |c2024.
300 |a1 online resource (xi, 70 pages).
336 |atext|btxt|2rdacontent
337 |acomputer|bc|2rdamedia
338 |aonline resource|bcr|2rdacarrier
4901 |aResearch report ; |vno. R-480
500 |aIssued also in French under title: Maladies infectieuses, comportements à risque et réduction des méfaits dans les établissements pour femmes : résultats du Sondage national sur la santé de 2022.
504 |aIncludes bibliographical references.
520 |a"This report provides an overview of self-report responses from the 2022 National Health Survey, as well as an examination of serological data to determine prevalence estimates of infectious diseases in women’s institutions, such as Human Immunodeficiency Virus (HIV), Hepatitis C Virus (HCV), and syphilis. Participant responses were used to examine factors that can increase risk for these infections, such as engagement in risk behaviours (tattooing, drug use, and unprotected sex), as well as awareness of, and access to, harm reduction services. Participants included 119 federally incarcerated individuals from women’s institutions across all Regions; 57 participants identified as Indigenous and 62 were non-Indigenous"--Executive Summary, page iv.
650 0|aWomen prisoners|xDiseases|zCanada|vStatistics.
650 0|aWomen prisoners|xServices for|zCanada|vStatistics.
655 7|aStatistics|2lcgft
7102 |aCorrectional Service Canada, |eissuing body.
77508|tMaladies infectieuses, comportements à risque et réduction des méfaits dans les établissements pour femmes : |w(CaOODSP)9.944068
830#0|aResearch report (Correctional Service Canada. Research Branch)|vno. R-480.|w(CaOODSP)9.506063
85640|qPDF|s1.13 MB|uhttps://publications.gc.ca/collections/collection_2025/scc-csc/PS83-3-480-eng.pdf
8564 |qHTML|sN/A|uhttps://www.canada.ca/en/correctional-service/corporate/library/research/glance/r-480.html